000 00326nam a2200109Ia 4500
008 171211s9999 xx 000 0 und d
245 _aGuns Against Tanks (new Zealand In The Second World War)
245 _cOther
260 _c1948
650 _xMilitary
856 _uhttp://down.ebook777.com/GunAgaTan(neZeaInTheSecWorWar.pdf
999 _c348343
_d348343